| Tag |
First Indicator |
Second Indicator |
Subfields |
| LEADER |
00000cam a2200000 a 4500 |
| 001 |
in00000070935 |
| 005 |
20220103114823.0 |
| 007 |
cr unu a |
| 008 |
820213s1981 txua b 00010 eng d |
| 035 |
|
|
|9 AAJ9254AM
|
| 035 |
|
|
|a (OCoLC)08154306
|
| 040 |
|
|
|a TXA
|c TXA
|d UtOrBLW
|
| 049 |
|
|
|a TXAZ [Also in] [Archives]
|c 1 [1802586], 2 [1802587]
|
| 099 |
|
|
|a 1981
|a Thesis
|a G345
|
| 100 |
1 |
|
|a Geoghegan, Paul,
|d 1956-
|
| 245 |
1 |
0 |
|a Aspects of the life history of the longspine porgy, Stenotomus caprinus /
|c by Paul Geoghegan.
|
| 264 |
|
1 |
|a [Place of publication not identified] :
|b [publisher not identified] ;
|c 1981.
|
| 300 |
|
|
|a viii, 71 leaves :
|b illustrations ;
|c 29 mc.
|
| 336 |
|
|
|a text
|b txt
|2 rdacontent
|
| 337 |
|
|
|a computer
|b c
|2 rdamedia
|
| 338 |
|
|
|a online resource
|b cr
|2 rdacarrier
|
| 500 |
|
|
|a "Major subject: Wildlife and Fisheries Sciences."
|
| 500 |
|
|
|a Typescript (photocopy).
|
| 500 |
|
|
|a Vita.
|
| 502 |
|
|
|b M.S.
|c Texas A&M University
|d 1981.
|
| 504 |
|
|
|a Bibliography: leaves 55-59.
|
| 530 |
|
|
|a Also available online.
|
| 650 |
|
0 |
|a Marine fishes
|x Age.
|
| 650 |
|
0 |
|a Marine fishes
|x Development.
|
| 650 |
|
0 |
|a Marine fishes
|x Growth.
|
| 650 |
|
0 |
|a Stenotomus caprinus.
|
| 650 |
|
4 |
|a Major wildlife and fisheries sciences.
|
| 856 |
4 |
1 |
|u https://hdl.handle.net/1969.1/ETD-TAMU-1981-THESIS-G345
|z Link to OAKTrust copy
|t 0
|
| 999 |
|
|
|a MARS
|
| 999 |
f |
f |
|s b07bbdca-7122-3a28-ab4e-3a062d34846b
|i ed433864-04be-3c6b-adf2-9e8f471376ec
|t 0
|
| 952 |
f |
f |
|p noncirc
|a Texas A&M University
|b J.J. Pickle Campus
|c High Density Repository
|s HDR
|d Remote Storage
|t 0
|e 1981 Thesis G345
|h Other scheme
|i computer -- online resource
|m A14841001397
|
| 952 |
f |
f |
|a Texas A&M University
|b College Station
|c Electronic Resources
|s www_evans
|d Available Online
|t 0
|e 1981 Thesis G345
|h Other scheme
|
| 998 |
f |
f |
|a 1981 Thesis G345
|t 0
|l Available Online
|
| 998 |
f |
f |
|a 1981 Thesis G345
|t 0
|l Remote Storage
|